FDA Regulatory Affairs (Record no. 8634)
[ view plain ]
| 000 -LEADER | |
|---|---|
| fixed length control field | 00499nam a22001817a 4500 |
| 003 - CONTROL NUMBER IDENTIFIER | |
| control field | OSt |
| 008 - FIXED-LENGTH DATA ELEMENTS--GENERAL INFORMATION | |
| fixed length control field | 200526b ||||| |||| 00| 0 eng d |
| 020 ## - INTERNATIONAL STANDARD BOOK NUMBER | |
| International Standard Book Number | 9781420073546 |
| 082 ## - DEWEY DECIMAL CLASSIFICATION NUMBER | |
| Classification number | 615.6 MAF |
| 100 ## - MAIN ENTRY--PERSONAL NAME | |
| Personal name | Mantus, David (ed) |
| 245 ## - TITLE STATEMENT | |
| Title | FDA Regulatory Affairs |
| 250 ## - EDITION STATEMENT | |
| Edition statement | 3rd |
| 260 ## - PUBLICATION, DISTRIBUTION, ETC. (IMPRINT) | |
| Place of publication, distribution, etc | New Delhi |
| Name of publisher, distributor, etc | Taylor & Francis |
| Date of publication, distribution, etc | 2008 |
| 300 ## - PHYSICAL DESCRIPTION | |
| Extent | 387 |
| 650 ## - SUBJECT ADDED ENTRY--TOPICAL TERM | |
| Topical term or geographic name as entry element | Pharmaceutics- Drug Delivery Systems,Pharmaceutical Engineering regulraty Science |
| 700 ## - ADDED ENTRY--PERSONAL NAME | |
| Personal name | Pisano, Douglas J |
| 942 ## - ADDED ENTRY ELEMENTS (KOHA) | |
| Source of classification or shelving scheme | Dewey Decimal Classification |
| Koha item type | Text Books |
| Withdrawn status | Lost status | Source of classification or shelving scheme | Damaged status | Not for loan | Collection code | Home library | Current library | Date acquired | Source of acquisition | Currency | Cost, normal purchase price | Bill Number | Total Checkouts | Full call number | Acc. no. / Barcode | Date last seen | Actual Cost, discounted price | Bill Date | Koha item type |
|---|---|---|---|---|---|---|---|---|---|---|---|---|---|---|---|---|---|---|---|
| Dewey Decimal Classification | B.Pharma | PIET C-LIBRARY | PIET C-LIBRARY | 08/01/2020 | Kirti Praskshan | IN Rupees | 2995.00 | IN5984 | 615.6 MAF | BP492 | 26/05/2020 | 2246.25 | 08/01/2020 | Reference Books |